000
00286nam a22001337a 4500
008
170620b xxu||||| |||| 00| 0 eng d
020
_a
9780679755104
041
_a
eng
080
_a
94
100
_a
20
101
_a
SH
245
_a
OUT OF OREDER
_c
PATTERSON.TH.E
942
_2
udc
_c
BK
999
_c
18311
_d
18311